[Event "French League"]
[Site "Mulhouse FRA"]
[Date "2011.06.05"]
[Round "11"]
[White "Navara, David"]
[Black "Riazantsev, Alexander"]
[Result "1/2-1/2"]
[WhiteElo "2702"]
[BlackElo "2679"]
[PlyCount "90"]
[EventDate "2011.05.26"]

1. c4 e6 2. Nc3 d5 3. d4 Be7 4. cxd5 exd5 5. Bf4 c6 6. e3 Bf5 7. g4 Be6 8. Bd3
Nd7 9. h3 g5 10. Be5 Nxe5 11. dxe5 d4 12. exd4 Qxd4 13. Nf3 Qf4 14. Be4 Bb4 15.
Qd4 Bxc3+ 16. bxc3 h5 17. gxh5 Rd8 18. Qe3 Qxe3+ 19. fxe3 Rxh5 20. Rg1 Bd5 21.
Nxg5 Bxe4 22. Nxe4 Ke7 23. Rd1 Rxd1+ 24. Kxd1 Rxe5 25. Rxg8 Rxe4 26. Rb8 b5 27.
Rb7+ Ke6 28. Rxa7 Rxe3 29. Kd2 Rxh3 30. Rc7 Rh2+ 31. Kd3 Kd6 32. Rxf7 Rxa2 33.
Rf6+ Kc5 34. Rf5+ Kb6 35. Rf6 Rh2 36. Rg6 Rh5 37. Kc2 Kc5 38. Kb3 Re5 39. Rh6
Kd5 40. Rg6 Kc5 41. Rh6 Rd5 42. Rg6 Rd6 43. Rg3 Re6 44. Rh3 Kd5 45. Rd3+ Kc5
1/2-1/2

[Event "French League"]
[Site "Mulhouse FRA"]
[Date "2011.06.05"]
[Round "11"]
[White "Vachier-Lagrave, Maxime"]
[Black "Barsov, Alexei"]
[Result "1/2-1/2"]
[WhiteElo "2731"]
[BlackElo "2521"]
[PlyCount "102"]
[EventDate "2011.05.26"]

1. e4 e6 2. d4 d5 3. Nd2 c5 4. Ngf3 Nf6 5. exd5 exd5 6. Bb5+ Bd7 7. Bxd7+ Nbxd7
8. O-O Be7 9. dxc5 Nxc5 10. Re1 O-O 11. Nf1 Nce4 12. Be3 Rc8 13. c3 Bc5 14. Qb3
Qa5 15. Rad1 Rfd8 16. Nd4 h6 17. Nf5 Rd7 18. Bd4 Rc6 19. Qc2 Qd8 20. N1e3 Bf8
21. f3 Ng5 22. h4 Ngh7 23. Qf2 g6 24. Ng3 h5 25. Nc2 a5 26. Ne2 Bd6 27. Nc1 Qc7
28. Qd2 Bh2+ 29. Kh1 Bg3 30. Bf2 Bf4 31. Qd3 Bg3 32. Qd2 Bf4 33. Qe2 Re6 34.
Qd3 Rxe1+ 35. Rxe1 Re7 36. Ne3 Nf8 37. Ne2 Bd6 38. Kg1 Bc5 39. Kf1 Ne6 40. Bg3
Qd8 41. Nf4 Qb6 42. Nexd5 Nxd5 43. Qxd5 Bd6 44. Nxe6 Bxg3 45. Qd8+ Qxd8 46.
Nxd8 b6 47. Nc6 Kf8 48. b4 axb4 49. Nxb4 Ke8 50. Nd5 b5 51. c4 bxc4 1/2-1/2

[Event "German Team Cup Finals"]
[Site "?"]
[Date "2011.05.20"]
[Round "1"]
[White "Naiditsch, Arkadij"]
[Black "Schmittdiel, Eckhard"]
[Result "1-0"]
[WhiteElo "2716"]
[BlackElo "2480"]
[PlyCount "143"]
[EventDate "2011.??.??"]

1. e4 c5 2. Nf3 Nc6 3. Bb5 e6 4. Bxc6 bxc6 5. b3 Ne7 6. Ba3 Ng6 7. d4 Qa5+ 8.
Qd2 Qxd2+ 9. Nbxd2 cxd4 10. Bxf8 Kxf8 11. Nxd4 Ke7 12. O-O-O c5 13. Nb5 Bb7 14.
Rhe1 Bc6 15. Nc7 Rac8 16. Nd5+ Bxd5 17. exd5 e5 18. d6+ Ke6 19. g3 f5 20. Nc4
Rhe8 21. f3 Rc6 22. g4 fxg4 23. f4 Kf6 24. fxe5+ Nxe5 25. Re4 Nxc4 26. Rxe8
Nxd6 27. Rf8+ Kg6 28. Rd5 h5 29. c4 a6 30. Kc2 Ne4 31. Rxd7 Nf6 32. Re7 h4 33.
Kd2 g3 34. hxg3 hxg3 35. Ke2 Rd6 36. Rff7 Nh5 37. Rf1 Kg5 38. Re5+ Kg4 39. Re4+
Kg5 40. Ke3 g6 41. b4 cxb4 42. c5 Rc6 43. Rc1 a5 44. Rd4 Ng7 45. Kf3 Kf6 46.
Rd6+ Rxd6 47. cxd6 Ke6 48. Rd1 Kd7 49. Kxg3 Ne6 50. Kf3 a4 51. Ke4 b3 52. a3 g5
53. Ke5 g4 54. Rg1 Nc5 55. Kd5 Nd3 56. Rxg4 b2 57. Rg7+ Kc8 58. Rg1 Kd7 59. Rb1
Nb4+ 60. Kc5 Nd3+ 61. Kd4 Nf4 62. Rxb2 Kxd6 63. Rb6+ Kc7 64. Rf6 Ne2+ 65. Kc4
Kb7 66. Kb4 Nd4 67. Kxa4 Nc6 68. Kb5 Na7+ 69. Kc5 Nc8 70. Rf7+ Kb8 71. a4 Ka8
72. Kc6 1-0

[Event "German Team Cup Finals"]
[Site "?"]
[Date "2011.05.21"]
[Round "2"]
[White "Naiditsch, Arkadij"]
[Black "Tkachiev, Vladislav"]
[Result "1/2-1/2"]
[WhiteElo "2716"]
[BlackElo "2626"]
[PlyCount "163"]
[EventDate "2011.??.??"]

1. e4 e5 2. Nf3 Nc6 3. Bb5 a6 4. Ba4 Nf6 5. O-O Bc5 6. d3 b5 7. Bb3 d6 8. c3 h6
9. a4 Rb8 10. axb5 axb5 11. Na3 O-O 12. Nc2 b4 13. Ne3 bxc3 14. bxc3 Ne7 15. d4
Bb6 16. Bc2 Bb7 17. dxe5 Nxe4 18. Nc4 Bc5 19. Na5 Ba8 20. Nb3 Bd5 21. Nxc5 Nxc5
22. Ba3 Re8 23. Re1 Ba8 24. Nd4 dxe5 25. Rxe5 Nd7 26. Ra5 Ng6 27. Nf5 Nde5 28.
Qxd8 Rbxd8 29. Bc5 Bd5 30. Ra7 Rd7 31. Bd4 f6 32. Ne3 Bc6 33. R1a6 Bb5 34. Ra5
Bc6 35. Rc5 Ra8 36. Rxa8+ Bxa8 37. h3 Nf4 38. Bxe5 fxe5 39. Rxe5 Bb7 40. Re8+
Kf7 41. Rb8 Bc6 42. Bb3+ Ne6 43. Kh2 Ke7 44. Rg8 Kf7 45. Rh8 Ke7 46. Nf5+ Kf7
47. Ne3 Ke7 48. Bc4 Rd8 49. Rxd8 Nxd8 50. Kg3 Nb7 51. Kf4 Nc5 52. Ke5 Bb7 53.
Nf5+ Kf8 54. Kd4 Na4 55. Bb5 c5+ 56. Kc4 Nb2+ 57. Kxc5 Bxg2 58. Ne3 Bf3 59. Kd4
Nd1 60. Nxd1 Bxd1 61. Kc5 g5 62. Kd6 Kf7 63. Bd3 Bf3 64. c4 Kf6 65. Bf1 Kf5 66.
c5 Kf4 67. Bb5 h5 68. Be8 g4 69. h4 g3 70. fxg3+ Kxg3 71. Bf7 Kxh4 72. Bd5 Be2
73. c6 Kg3 74. c7 Ba6 75. Bc4 Bb7 76. Bd5 Ba6 77. Be6 h4 78. Kc6 h3 79. Kb6 h2
80. Kxa6 h1=Q 81. c8=Q Qa1+ 82. Kb6 1/2-1/2

[Event "Ukraine Club Championship"]
[Site "?"]
[Date "2011.05.14"]
[Round "2"]
[White "Simonian, Hrair"]
[Black "Eljanov, Pavel"]
[Result "1/2-1/2"]
[WhiteElo "2468"]
[BlackElo "2712"]
[PlyCount "53"]
[EventDate "2011.??.??"]

1. e4 e5 2. Nf3 Nc6 3. Bb5 a6 4. Ba4 Nf6 5. O-O Be7 6. Bxc6 dxc6 7. d3 Nd7 8.
Nbd2 O-O 9. Nc4 f6 10. Nh4 g6 11. Qg4 Kh8 12. f4 Rg8 13. Nf3 Nc5 14. Qg3 exf4
15. Bxf4 Ne6 16. Bd2 c5 17. Bc3 Nd4 18. Qf2 Nb5 19. Bd2 Be6 20. a4 Nd4 21. Bc3
Nxf3+ 22. Qxf3 Rf8 23. Ne3 c6 24. Ng4 Kg7 25. Qf4 Bxg4 26. Qxg4 Bd6 27. Rf3
1/2-1/2

[Event "Ukraine Club Championship"]
[Site "?"]
[Date "2011.05.18"]
[Round "6"]
[White "Strelnikov, Sergey"]
[Black "Jobava, Baadur"]
[Result "0-1"]
[WhiteElo "2425"]
[BlackElo "2704"]
[PlyCount "120"]
[EventDate "2011.??.??"]

1. Nf3 Nf6 2. c4 g6 3. g3 Bg7 4. Bg2 d6 5. O-O O-O 6. Nc3 c5 7. d4 Nc6 8. dxc5
dxc5 9. Qxd8 Rxd8 10. Be3 Be6 11. Rfd1 Bxc4 12. Bxc5 Nd7 13. Ba3 Bxc3 14. bxc3
Bxe2 15. Re1 Bxf3 16. Bxf3 e6 17. Rab1 Nb6 18. Bc5 Rd2 19. Re2 Rxe2 20. Bxe2
Ne5 21. Bd4 Ned7 22. Bf3 e5 23. Be3 Rc8 24. Rb3 Rc7 25. a4 Nc5 26. Bxc5 Rxc5
27. Bxb7 Nxa4 28. Ra3 Nxc3 29. Rxa7 Kg7 30. Ra8 Rb5 31. Bc6 Rb1+ 32. Kg2 Rb2
33. Ra1 Rd2 34. Kf1 f5 35. Ke1 Re2+ 36. Kf1 Rc2 37. Bb7 e4 38. h3 Rb2 39. Ba6
Kf6 40. Rc1 Rb1 41. Rxb1 Nxb1 42. h4 Ke5 43. Bc8 Nc3 44. Ke1 Nd5 45. Bb7 Nb4
46. Ke2 Kd4 47. Bc8 Nd3 48. Be6 f4 49. Bg8 f3+ 50. Kf1 h6 51. Bf7 Ne5 52. Be8
e3 53. fxe3+ Kxe3 54. Bb5 Ng4 55. Ba6 Nf6 56. Kg1 Ne4 57. g4 g5 58. hxg5 hxg5
59. Kh2 Kf4 60. Bb7 Nd2 0-1

[Event "Ukraine Club Championship"]
[Site "?"]
[Date "2011.05.19"]
[Round "7"]
[White "Jobava, Baadur"]
[Black "Khader, Sami"]
[Result "1-0"]
[WhiteElo "2704"]
[BlackElo "2411"]
[PlyCount "71"]
[EventDate "2011.??.??"]

1. c4 Nf6 2. Nc3 g6 3. d4 Bg7 4. e4 d6 5. Be2 O-O 6. h4 c5 7. d5 b5 8. cxb5 a6
9. bxa6 Bxa6 10. h5 gxh5 11. Nh3 Qa5 12. O-O Nbd7 13. Nf4 Ne5 14. Bxa6 Qxa6 15.
Nxh5 Nxh5 16. Qxh5 Rfb8 17. Re1 Qc8 18. Re3 Qg4 19. Qh1 Qg6 20. Rg3 Ng4 21. Qh3
h5 22. f3 Bd4+ 23. Kf1 f5 24. Ne2 Be5 25. Bf4 Rxb2 26. exf5 Qxf5 27. fxg4 Rb1+
28. Rxb1 Qxb1+ 29. Kf2 h4 30. Rb3 Qxa2 31. Bxe5 dxe5 32. Qe3 Rf8+ 33. Kg1 Qa1+
34. Kh2 e4 35. Qxe4 Qg7 36. Rb6 1-0

[Event "Ukraine Club Championship"]
[Site "?"]
[Date "2011.05.20"]
[Round "8"]
[White "Moiseenko, Alexander"]
[Black "Jobava, Baadur"]
[Result "1-0"]
[WhiteElo "2679"]
[BlackElo "2704"]
[PlyCount "51"]
[EventDate "2011.??.??"]

1. d4 Nf6 2. c4 d6 3. Nc3 Bf5 4. g3 Ne4 5. Nxe4 Bxe4 6. f3 Bc6 7. e4 e5 8. d5
Bd7 9. Be3 Be7 10. Qd2 O-O 11. O-O-O a5 12. f4 Na6 13. Nf3 f5 14. fxe5 fxe4 15.
Ng5 dxe5 16. Nxe4 Nb4 17. a3 Qe8 18. axb4 axb4 19. Qd3 b3 20. c5 Bg4 21. Be2
Bxe2 22. Qxe2 Qa4 23. Nc3 Qa1+ 24. Nb1 e4 25. Qc4 Bf6 26. Qxb3 1-0

[Event "Ukraine Club Championship"]
[Site "?"]
[Date "2011.05.21"]
[Round "9"]
[White "Jobava, Baadur"]
[Black "Muhtarov, Leonid"]
[Result "1-0"]
[WhiteElo "2704"]
[BlackElo "2131"]
[PlyCount "39"]
[EventDate "2011.??.??"]

1. e4 c5 2. Nf3 e6 3. d4 cxd4 4. Nxd4 a6 5. Bd3 Nf6 6. O-O Qc7 7. Nd2 Bd6 8. f4
Bxf4 9. Rxf4 Qxf4 10. Nc4 Qc7 11. e5 d5 12. Nd6+ Kf8 13. exf6 Qxd6 14. fxg7+
Kxg7 15. Qg4+ Kf8 16. Bf4 Qc5 17. Be3 Qd6 18. Rf1 h5 19. Rxf7+ Ke8 20. Qg6 1-0

[Event "Nakamura - Ponomariov (rapid)"]
[Site "Internet Chess Club"]
[Date "2011.05.24"]
[Round "1"]
[White "Ponomariov"]
[Black "Nakamura"]
[Result "1/2-1/2"]
[WhiteElo "2754"]
[BlackElo "2774"]
[PlyCount "194"]
[EventDate "2011.??.??"]
[TimeControl "1500+5"]

1. d4 f5 2. Nf3 Nf6 3. g3 g6 4. Bg2 d6 5. O-O Bg7 6. c4 O-O 7. Nc3 c6 8. d5 e6
9. dxe6 Bxe6 10. b3 Na6 11. Bb2 Re8 12. Qc2 Qe7 13. Rad1 Rad8 14. e3 Nb4 15.
Qb1 a5 16. Ng5 Bc8 17. Ne2 Ng4 18. Bxg7 Kxg7 19. Nf3 Qf6 20. a3 Na6 21. b4 Be6
22. Rc1 axb4 23. axb4 Bf7 24. Ned4 c5 25. bxc5 dxc5 26. Nb5 b6 27. h3 Ne5 28.
Nxe5 Qxe5 29. Qa2 Nb4 30. Qa7 Qb8 31. Qxb8 Rxb8 32. Nd6 Red8 33. Nxf7 Kxf7 34.
Rfd1 Ke7 35. e4 f4 36. Rxd8 Rxd8 37. gxf4 Nd3 38. Rb1 Nxf4 39. Rxb6 Rd4 40. Bf1
h5 41. f3 Rd2 42. h4 Ne6 43. Bh3 Nf4 44. Bf1 Rc2 45. e5 Ne6 46. Bd3 Rc3 47.
Bxg6 Rxf3 48. Rb7+ Kf8 49. Be4 Re3 50. Bd5 Rxe5 51. Kf2 Ke8 52. Kf3 Kf8 53. Rh7
Ng7 54. Kf4 Re1 55. Kg5 Rg1+ 56. Kf6 Ne8+ 57. Kf5 Rf1+ 58. Kg5 Rg1+ 59. Kh6 Ng7
60. Be4 Kf7 61. Rh8 Rg4 62. Bd5+ Kf6 63. Rf8+ Ke5 64. Rf7 Nf5+ 65. Kxh5 Rxh4+
66. Kg5 Rf4 67. Be6 Nd4 68. Bd5 Nf3+ 69. Kg6 Rg4+ 70. Kh5 Rh4+ 71. Kg6 Nd2 72.
Rf5+ Kd4 73. Be6 Ne4 74. Rd5+ Kc3 75. Kf5 Kb4 76. Rd1 Nc3 77. Re1 Rh5+ 78. Kf6
Na4 79. Ke7 Nb2 80. Re4 Rh7+ 81. Kd6 Rh6 82. Kd5 Nd1 83. Rf4 Nb2 84. Re4 Na4
85. Ke5 Rh1 86. Rf4 Rd1 87. Rf8 Nb2 88. Rb8+ Kc3 89. Kf6 Ra1 90. Rb5 Nd3 91.
Bf5 Ra6+ 92. Ke7 Rc6 93. Kd7 Rh6 94. Bxd3 Kxd3 95. Rxc5 Rh4 96. Kc6 Rxc4 97.
Rxc4 Kxc4 {Game drawn} 1/2-1/2

[Event "Nakamura - Ponomariov (rapid)"]
[Site "Internet Chess Club"]
[Date "2011.05.24"]
[Round "2"]
[White "Nakamura"]
[Black "Ponomariov"]
[Result "1-0"]
[WhiteElo "2774"]
[BlackElo "2754"]
[PlyCount "111"]
[EventDate "2011.??.??"]
[TimeControl "1500+5"]

1. b3 e5 2. Bb2 Nc6 3. e3 Nf6 4. Bb5 Bd6 5. Bxc6 dxc6 6. d3 O-O 7. Nd2 Re8 8.
e4 Nd7 9. Ne2 Nf8 10. O-O Ne6 11. Kh1 c5 12. Nc4 f6 13. Ne3 a5 14. a4 Nd4 15.
Ng3 Be6 16. Nef5 Bf8 17. f4 Bxf5 18. exf5 exf4 19. Ne4 Nxf5 20. Rxf4 Nd4 21.
Bxd4 cxd4 22. Rf5 Ra6 23. Qf3 Rc6 24. Qf2 Bd6 25. Rxa5 Be5 26. Rc5 Rxc5 27.
Nxc5 Qd5 28. Ne4 Re6 29. Re1 g6 30. g4 Kg7 31. Qf3 c6 32. Re2 Re7 33. Nd2 Qc5
34. Ne4 Qd5 35. h3 b5 36. a5 b4 37. g5 f5 38. Nd2 Qxa5 39. Qxc6 Bd6 40. Rxe7+
Bxe7 41. Nf3 Qa1+ 42. Kg2 Qc3 43. Qc4 Kf8 44. h4 Bc5 45. Kf1 Ke7 46. Ke2 Kd6
47. Qf7 Qxc2+ 48. Nd2 Ke5 49. Qc7+ Kd5 50. Qxh7 Ke5 51. Qc7+ Ke6 52. Qc6+ Ke5
53. Qxg6 Kf4 54. Qc6 Qc1 55. Qf3+ Ke5 56. Nc4+ {White wins} 1-0

[Event "Nakamura - Ponomariov (rapid)"]
[Site "Internet Chess Club"]
[Date "2011.05.25"]
[Round "3"]
[White "Ponomariov"]
[Black "Nakamura"]
[Result "0-1"]
[WhiteElo "2754"]
[BlackElo "2774"]
[PlyCount "54"]
[EventDate "2011.??.??"]
[TimeControl "1500+5"]

1. d4 d5 2. c4 c6 3. Nf3 Nf6 4. Qb3 e6 5. Bf4 dxc4 6. Qxc4 b5 7. Qc2 Bb7 8. e4
Nbd7 9. Nbd2 a6 10. a4 Bb4 11. Bd3 c5 12. axb5 axb5 13. O-O c4 14. Be2 Rc8 15.
d5 Qb6 16. dxe6 fxe6 17. e5 Nd5 18. Bg3 O-O 19. Ng5 Rf5 20. Nxe6 Qxe6 21. Bg4
Ne3 22. Bxf5 Nxf5 23. Nf3 Bxf3 24. gxf3 Nc5 25. Rfd1 h5 26. Ra7 h4 27. Bf4 Qg6+
{Black wins} 0-1

[Event "Nakamura - Ponomariov (rapid)"]
[Site "Internet Chess Club"]
[Date "2011.05.25"]
[Round "4"]
[White "Nakamura"]
[Black "Ponomariov"]
[Result "1/2-1/2"]
[WhiteElo "2774"]
[BlackElo "2754"]
[PlyCount "77"]
[EventDate "2011.??.??"]
[TimeControl "1500+5"]

1. d4 Nf6 2. c4 g6 3. g3 c5 4. d5 b5 5. cxb5 a6 6. bxa6 Bg7 7. Bg2 d6 8. Nc3
O-O 9. Nf3 Nxa6 10. O-O Bf5 11. Re1 Ne4 12. Nxe4 Bxe4 13. Nd2 Bxg2 14. Kxg2 Qa5
15. e4 Nb4 16. a3 Nd3 17. Re3 Qa6 18. Qc2 Nb4 19. Qd1 c4 20. Rb1 Nd3 21. Nxc4
Nxf2 22. Kxf2 Qxc4 23. b3 Qd4 24. Qd3 Rfc8 25. Kg2 Qb6 26. b4 Rc3 27. Qe2 Raxa3
28. Rxc3 Rxc3 29. b5 Qc5 30. Bd2 Rc2 31. b6 Qd4 32. b7 Rxd2 33. b8=Q+ Bf8 34.
Qxd2 Qxd2+ 35. Kh3 Qe2 36. Qc8 h5 37. Rb8 Kh7 38. Qxf8 Qf1+ 39. Kh4 {Game drawn
} 1/2-1/2

[Event "Ukraine Championship"]
[Site "Kiev UKR"]
[Date "2011.06.14"]
[Round "5"]
[White "Efimenko, Zahar"]
[Black "Korobov, Anton"]
[Result "1-0"]
[WhiteElo "2701"]
[BlackElo "2660"]
[PlyCount "81"]
[EventDate "2011.??.??"]

1. e4 c5 2. Nf3 d6 3. d4 cxd4 4. Nxd4 Nf6 5. Nc3 a6 6. Be2 e6 7. a4 Be7 8. a5
Bd7 9. Be3 Bc6 10. f3 Nbd7 11. Nxc6 bxc6 12. O-O O-O 13. Na4 c5 14. Qd2 Qc7 15.
c3 Rfd8 16. b4 d5 17. e5 Qxe5 18. Bf4 Qh5 19. Bc7 Rf8 20. g4 Qh3 21. Rf2 Ne8
22. Bf1 Qh6 23. Bf4 g5 24. Bg3 cxb4 25. cxb4 Bd6 26. Rc1 Qf6 27. Kg2 Qe7 28.
Bxd6 Nxd6 29. Rc7 Rfc8 30. Rxd7 Qxd7 31. Qxg5+ Kf8 32. Nb6 Qc6 33. Bd3 Nc4 34.
Nxa8 Rxa8 35. Bxh7 Re8 36. h4 d4 37. Be4 Qd6 38. h5 d3 39. h6 d2 40. h7 Qd4 41.
Rxd2 1-0

[Event "Ukraine Championship"]
[Site "Kiev UKR"]
[Date "2011.06.14"]
[Round "5"]
[White "Eljanov, Pavel"]
[Black "Areshchenko, Alexander"]
[Result "1/2-1/2"]
[WhiteElo "2712"]
[BlackElo "2694"]
[PlyCount "110"]
[EventDate "2011.??.??"]

1. c4 Nf6 2. Nc3 d5 3. cxd5 Nxd5 4. g3 g6 5. Bg2 Nxc3 6. bxc3 Bg7 7. h4 h5 8.
Nh3 O-O 9. Ng5 Nd7 10. O-O Rb8 11. d4 b6 12. e4 e5 13. Be3 c5 14. d5 Nf6 15.
Qc2 Qd6 16. f3 Bd7 17. c4 Nh7 18. f4 Nxg5 19. hxg5 f5 20. gxf6 Bxf6 21. Qd2
Rbe8 22. Rab1 Re7 23. fxe5 Bxe5 24. Rxf8+ Kxf8 25. Rf1+ Rf7 26. Bh6+ Ke8 27.
Bf4 g5 28. Bxg5 Bxg3 29. Qd1 Rxf1+ 30. Qxf1 Be5 31. Bh3 Qg6 32. Bxd7+ Kxd7 33.
Qf5+ Qxf5 34. exf5 b5 35. cxb5 Kd6 36. f6 Kxd5 37. f7 Bg7 38. a4 c4 39. Kg2 c3
40. Bf6 c2 41. Bxg7 c1=Q 42. f8=Q Qc2+ 43. Kf3 Qe4+ 44. Kf2 Qxa4 45. Qa8+ Kc4
46. Qc6+ Kb4 47. Bf8+ Kb3 48. Qf3+ Kc4 49. Qe2+ Kc3 50. Qf3+ Kc4 51. Qc6+ Kb3
52. Qd5+ Qc4 53. Qd1+ Ka2 54. Qd2+ Kb3 55. Qd1+ Ka2 1/2-1/2

[Event "Ukraine Championship"]
[Site "Kiev UKR"]
[Date "2011.06.14"]
[Round "5"]
[White "Kovchan, Alexander"]
[Black "Moiseenko, Alexander"]
[Result "1/2-1/2"]
[WhiteElo "2558"]
[BlackElo "2679"]
[PlyCount "83"]
[EventDate "2011.??.??"]

1. e4 c5 2. Nf3 Nc6 3. d4 cxd4 4. Nxd4 Nf6 5. Nc3 e5 6. Ndb5 d6 7. Bg5 a6 8.
Na3 b5 9. Nd5 Be7 10. Bxf6 Bxf6 11. c4 Ne7 12. Nxf6+ gxf6 13. cxb5 O-O 14. Qd2
Bb7 15. Bd3 axb5 16. Nxb5 d5 17. exd5 Qxd5 18. Nc3 Qxg2 19. O-O-O Ng6 20. Rhg1
Qxh2 21. Kb1 Rfd8 22. Qe3 Qh4 23. Bc2 Rxd1+ 24. Rxd1 Qf4 25. Qb6 Bf3 26. Nd5
Qc4 27. Bb3 Qa6 28. Nxf6+ Kg7 29. Ne8+ Kh8 30. Qxa6 Rxa6 31. Rd7 Bc6 32. Rd6 f5
33. Kc1 Bb5 34. Rxa6 Bxa6 35. Nd6 Nf4 36. Bc4 Bxc4 37. Nxc4 Nd3+ 38. Kd2 Nxf2
39. Nxe5 Kg7 40. Ke3 Nd1+ 41. Kf4 Nxb2 42. Kxf5 1/2-1/2

[Event "Ukraine Championship"]
[Site "Kiev UKR"]
[Date "2011.06.14"]
[Round "5"]
[White "Ponomariov, Ruslan"]
[Black "Vovk, Yuri"]
[Result "1-0"]
[WhiteElo "2754"]
[BlackElo "2550"]
[PlyCount "99"]
[EventDate "2011.??.??"]

1. d4 Nf6 2. c4 g6 3. Nc3 Bg7 4. e4 d6 5. f3 O-O 6. Bg5 c5 7. d5 e6 8. Qd2 Qa5
9. Rc1 exd5 10. cxd5 Nbd7 11. Nh3 a6 12. Be2 b5 13. b3 Re8 14. O-O Nh5 15. Nf2
Nb6 16. g4 Nf6 17. Bf4 Bb7 18. Rfe1 Rad8 19. Kg2 h5 20. h3 Kh7 21. Bd3 Qb4 22.
Bg5 Nbd7 23. a4 bxa4 24. bxa4 Qa5 25. Qc2 Rc8 26. Bd2 Qc7 27. Ncd1 Ne5 28. Be2
Qe7 29. Ne3 Bh6 30. Nc4 Bxd2 31. Qxd2 Nxc4 32. Bxc4 Nd7 33. f4 Rb8 34. Rb1 Qf6
35. a5 Bc8 36. Rxb8 Nxb8 37. e5 dxe5 38. Ne4 Qd8 39. fxe5 Rxe5 40. Qf4 Nd7 41.
Qxf7+ Kh6 42. Re2 hxg4 43. hxg4 Qh4 44. Qf4+ Kg7 45. Nd6 Rxe2+ 46. Bxe2 Qd8 47.
g5 Qg8 48. Bc4 Qd8 49. Bd3 Qg8 50. Qe4 1-0

[Event "Ukraine Championship"]
[Site "Kiev UKR"]
[Date "2011.06.15"]
[Round "6"]
[White "Ponomariov, Ruslan"]
[Black "Eljanov, Pavel"]
[Result "1/2-1/2"]
[WhiteElo "2754"]
[BlackElo "2712"]
[PlyCount "77"]
[EventDate "2011.??.??"]

1. d4 d5 2. c4 c6 3. Nc3 dxc4 4. e4 b5 5. a4 b4 6. Na2 Nf6 7. e5 Nd5 8. Bxc4 e6
9. Nf3 a5 10. O-O Ba6 11. Bxa6 Nxa6 12. Bd2 c5 13. Qe2 Qb6 14. Nc1 Rc8 15. Qb5+
Qxb5 16. axb5 Nac7 17. dxc5 Bxc5 18. Rxa5 O-O 19. Nd3 Bb6 20. Ra4 Nxb5 21. Nxb4
Rfd8 22. Nxd5 Rxd5 23. Be3 Bxe3 24. fxe3 h6 25. Rb4 Rdc5 26. Rd1 Nc7 27. e4 Na6
28. Rb6 R5c6 29. Rxc6 Rxc6 30. Rd6 Rc1+ 31. Kf2 Nb4 32. Ke3 Rb1 33. Rd2 g5 34.
h4 gxh4 35. Nxh4 Re1+ 36. Kf4 Rb1 37. Ke3 Re1+ 38. Re2 Rd1 39. Rd2 1/2-1/2

[Event "Ukraine Championship"]
[Site "Kiev UKR"]
[Date "2011.06.15"]
[Round "6"]
[White "Volokitin, Andrei"]
[Black "Efimenko, Zahar"]
[Result "1/2-1/2"]
[WhiteElo "2677"]
[BlackElo "2701"]
[PlyCount "132"]
[EventDate "2011.??.??"]

1. e4 e5 2. Nf3 Nc6 3. Bb5 a6 4. Ba4 Nf6 5. O-O Be7 6. Re1 b5 7. Bb3 d6 8. c3
O-O 9. h3 Na5 10. Bc2 c5 11. d4 Qc7 12. d5 Bd7 13. b3 Nb7 14. Be3 c4 15. b4 a5
16. Bd2 a4 17. Nh2 Ne8 18. Nf1 g6 19. Bh6 Ng7 20. Nbd2 Qd8 21. Nf3 Qe8 22. N3h2
f5 23. exf5 gxf5 24. g4 fxg4 25. hxg4 Nd8 26. Qb1 Kh8 27. Bxh7 Qf7 28. f3 Bh4
29. Re2 Qf6 30. Be3 Nf7 31. Be4 Ng5 32. Nd2 Nh3+ 33. Kh1 Nf4 34. Bxf4 Qxf4 35.
Nhf1 Rf6 36. Rh2 Rh6 37. Qd1 Rf8 38. Qe2 Ne8 39. Ne3 Bg3 40. Rxh6+ Qxh6+ 41.
Kg1 Nf6 42. Bf5 Nxd5 43. Nxd5 Bxf5 44. Qg2 Bh4 45. Rf1 Be6 46. Nc7 Bd8 47. Nxe6
Bb6+ 48. Nd4 exd4 49. Qf2 dxc3 50. Qxb6 Qxd2 51. Qxb5 c2 52. Qxc4 Kg7 53. Qc6
Rf7 54. b5 Re7 55. f4 Qd1 56. Qc3+ Kf7 57. g5 Qg4+ 58. Kh1 Kg8 59. Qc4+ Kh8 60.
Qc3+ Kg8 61. g6 Qh4+ 62. Kg1 Qg4+ 63. Kh1 Qh4+ 64. Kg1 Qg4+ 65. Kh1 Qh5+ 66.
Kg1 Qg4+ 1/2-1/2

[Event "Ukraine Championship"]
[Site "Kiev UKR"]
[Date "2011.06.15"]
[Round "6"]
[White "Vovk, Yuri"]
[Black "Moiseenko, Alexander"]
[Result "0-1"]
[WhiteElo "2550"]
[BlackElo "2679"]
[PlyCount "112"]
[EventDate "2011.??.??"]

1. d4 Nf6 2. c4 e6 3. Nf3 d5 4. Bg5 Bb4+ 5. Nbd2 dxc4 6. Qc2 b5 7. a4 c6 8.
Bxf6 gxf6 9. g3 Bb7 10. Bg2 a5 11. O-O Nd7 12. b3 cxb3 13. Nxb3 bxa4 14. Rxa4
c5 15. Nxc5 Nxc5 16. dxc5 Rc8 17. Rxb4 axb4 18. Qa4+ Bc6 19. Qxb4 O-O 20. Rc1
Rc7 21. Ne1 Bxg2 22. Nxg2 Rd7 23. Ne3 Rd4 24. Qc3 f5 25. Kg2 Qd7 26. f3 Rd2 27.
Kf2 Rc8 28. Ke1 Ra2 29. Nc2 Qa4 30. Nb4 Ra3 31. Qd2 Ra1 32. Nd3 Rxc1+ 33. Qxc1
Qd4 34. Qg5+ Kh8 35. Kf1 Ra8 36. Qe7 Kg8 37. Kg2 Qd8 38. Qb7 Ra2 39. Kf1 Ra1+
40. Kg2 Ra2 41. Kf1 Qd4 42. Qe7 h6 43. Nf4 Ra8 44. c6 Qd8 45. Qc5 Qd1+ 46. Kg2
Ra1 47. Kh3 Qf1+ 48. Kh4 Qg1 49. Qxg1 Rxg1 50. Nd3 Rg2 51. g4 Rxh2+ 52. Kg3
Rxe2 53. gxf5 exf5 54. Kf4 Rc2 55. Ne5 f6 56. Ng6 Kf7 0-1

[Event "Ukraine Championship"]
[Site "Kiev UKR"]
[Date "2011.06.17"]
[Round "7"]
[White "Efimenko, Zahar"]
[Black "Miroshnichenko, Evgenij"]
[Result "1/2-1/2"]
[WhiteElo "2701"]
[BlackElo "2651"]
[PlyCount "68"]
[EventDate "2011.??.??"]

1. e4 e5 2. Nf3 Nc6 3. Bb5 Nf6 4. d3 d6 5. O-O Bd7 6. Re1 Be7 7. c3 O-O 8. Nbd2
Re8 9. Ba4 Bf8 10. Nf1 h6 11. Ng3 Ne7 12. Bc2 Ng6 13. d4 c6 14. h3 Qc7 15. Be3
Rad8 16. c4 exd4 17. Bxd4 Re6 18. Bc3 c5 19. Nd2 Rde8 20. Ndf1 Bc6 21. f3 b5
22. cxb5 Bxb5 23. Qd2 Bxf1 24. Nxf1 d5 25. Ba4 d4 26. Ba5 Qe5 27. Bxe8 Rxe8 28.
Rac1 Nh5 29. b4 Be7 30. Rxc5 Bxc5 31. bxc5 Qxc5 32. Rc1 Qb5 33. Bc7 Ne5 34. Rd1
Nc6 1/2-1/2

[Event "Ukraine Championship"]
[Site "Kiev UKR"]
[Date "2011.06.17"]
[Round "7"]
[White "Eljanov, Pavel"]
[Black "Vovk, Yuri"]
[Result "1-0"]
[WhiteElo "2712"]
[BlackElo "2550"]
[PlyCount "91"]
[EventDate "2011.??.??"]

1. d4 Nf6 2. c4 g6 3. Nc3 Bg7 4. e4 d6 5. Nf3 O-O 6. Be2 e5 7. Be3 Nbd7 8. O-O
Nh5 9. dxe5 dxe5 10. c5 Nf4 11. Bc4 Qe7 12. b4 Nf6 13. Bxf4 exf4 14. e5 Nh5 15.
h3 Bf5 16. Qb3 c6 17. Rae1 Kh8 18. Ne4 b5 19. cxb6 Bxe4 20. Rxe4 axb6 21. a4 c5
22. bxc5 bxc5 23. Rb1 Ra7 24. Rd1 Bh6 25. e6 Nf6 26. Ree1 fxe6 27. Rxe6 Qg7 28.
Ne5 f3 29. Nxf3 Nh5 30. Red6 Nf4 31. Rd8 Ra8 32. Rxa8 Rxa8 33. a5 g5 34. Qb6
Rf8 35. Rd8 Qc3 36. Rxf8+ Bxf8 37. Qd8 Kg7 38. Qxg5+ Ng6 39. Qd5 Qxa5 40. g3
Be7 41. h4 Qd8 42. Qf7+ Kh6 43. h5 Nf8 44. Qf4+ Kg7 45. h6+ Kh8 46. Qf7 1-0

[Event "Ukraine Championship"]
[Site "Kiev UKR"]
[Date "2011.06.17"]
[Round "7"]
[White "Kryvoruchko, Yuriy"]
[Black "Ponomariov, Ruslan"]
[Result "1/2-1/2"]
[WhiteElo "2640"]
[BlackElo "2754"]
[PlyCount "49"]
[EventDate "2011.??.??"]

1. e4 c5 2. Nf3 d6 3. d4 cxd4 4. Nxd4 Nf6 5. Nc3 a6 6. Be3 e5 7. Nb3 Be6 8. f4
exf4 9. Bxf4 Nc6 10. Qd2 d5 11. O-O-O Nxe4 12. Nxe4 dxe4 13. Qe3 Qf6 14. Qxe4
Be7 15. Bd3 Bd5 16. Qxd5 Qxf4+ 17. Kb1 O-O 18. Qe4 Qxe4 19. Bxe4 Rfd8 20. c3
Rac8 21. Rhf1 Rc7 22. Rxd8+ Nxd8 23. Nd4 g6 24. Kc2 Kg7 25. a4 1/2-1/2